00401nam a2200145Ia 4500008004100000020001500041041001200056082001600068100001400084245007900098260003200177300000800209650002100217700001700238221030s9999 xx 000 0 und d a8185015619 aEnglish a105.23bAho aA. V. Aho 0aPrinciples of Compiler Design ( DEPARTMENTAL )cby A. V. Aho, J. D. Ullman bNarosa PubaNew Delhic2001 a612 aCSE Departmental aJ. D. Ullman